Vander's renal physiology (Record no. 57)

000 -LEADER
fixed length control field 01475cam a2200469Ia 4500
001 - CONTROL NUMBER
control field 1030159266
003 - CONTROL NUMBER IDENTIFIER
control field OCoLC
005 - DATE AND TIME OF LATEST TRANSACTION
control field 20241225111810.0
006 - FIXED-LENGTH DATA ELEMENTS--ADDITIONAL MATERIAL CHARACTERISTICS
fixed length control field m u
007 - PHYSICAL DESCRIPTION FIXED FIELD--GENERAL INFORMATION
fixed length control field cr |||||||||||
008 - FIXED-LENGTH DATA ELEMENTS--GENERAL INFORMATION
fixed length control field 180402s2018 nyua o 000 0 eng d
020 ## - INTERNATIONAL STANDARD BOOK NUMBER
International Standard Book Number 9781260019377
020 ## - INTERNATIONAL STANDARD BOOK NUMBER
Qualifying information (electronic bk)
International Standard Book Number 9781260019384
035 ## - SYSTEM CONTROL NUMBER
System control number (OCoLC)1030159266
040 ## - CATALOGING SOURCE
Original cataloging agency INM
Language of cataloging eng
Description conventions pn
Transcribing agency INM
Modifying agency SMC
049 ## - LOCAL HOLDINGS (OCLC)
Holding library YYEA
-- VZYM
080 ## - UNIVERSAL DECIMAL CLASSIFICATION NUMBER
Universal Decimal Classification number 612
Item number E-13
099 ## - LOCAL FREE-TEXT CALL NUMBER (OCLC)
Classification number INTERNET LINK
100 1# - MAIN ENTRY--PERSONAL NAME
Personal name Eaton, Douglas C.
245 10 - TITLE STATEMENT
Title Vander's renal physiology
Medium [electronic resource] /
Statement of responsibility, etc. Douglas C. Eaton, John P. Pooler.
246 30 - VARYING FORM OF TITLE
Title proper/short title Renal physiology.
250 ## - EDITION STATEMENT
Edition statement 9th ed.
260 ## - PUBLICATION, DISTRIBUTION, ETC.
Place of publication, distribution, etc. New York :
Name of publisher, distributor, etc. McGraw-Hill Education,
Date of publication, distribution, etc. c2018.
300 ## - PHYSICAL DESCRIPTION
Extent 207 p.
Other physical details illustrations.
365 ## - TRADE PRICE
Price amount 40.60 usd
588 ## - SOURCE OF DESCRIPTION NOTE
Source of description note Description based on online resource; title from resource home page (AccessMedicine, viewed on April 2, 2018).
650 #2 - SUBJECT ADDED ENTRY--TOPICAL TERM
Topical term or geographic name entry element Kidney
General subdivision physiology.
650 #0 - SUBJECT ADDED ENTRY--TOPICAL TERM
Topical term or geographic name entry element Renal
9 (RLIN) 128
650 #0 - SUBJECT ADDED ENTRY--TOPICAL TERM
Topical term or geographic name entry element Medicine
9 (RLIN) 69
650 #0 - SUBJECT ADDED ENTRY--TOPICAL TERM
Topical term or geographic name entry element Physiology
9 (RLIN) 129
653 ## - INDEX TERM--UNCONTROLLED
Uncontrolled term ფიზიოლოგია
653 ## - INDEX TERM--UNCONTROLLED
Uncontrolled term მედიცინა
653 ## - INDEX TERM--UNCONTROLLED
Uncontrolled term რენალი
653 ## - INDEX TERM--UNCONTROLLED
Uncontrolled term თირკმელი
655 #7 - INDEX TERM--GENRE/FORM
Genre/form data or focus term Electronic books.
700 1# - ADDED ENTRY--PERSONAL NAME
Personal name Pooler, John.
700 1# - ADDED ENTRY--PERSONAL NAME
Personal name Vander, Arthur J.,
Dates associated with a name 1933-
710 2# - ADDED ENTRY--CORPORATE NAME
Corporate name or jurisdiction name as entry element McGraw-Hill Companies.
710 2# - ADDED ENTRY--CORPORATE NAME
Corporate name or jurisdiction name as entry element AccessMedicine (Online service)
710 2# - ADDED ENTRY--CORPORATE NAME
Corporate name or jurisdiction name as entry element AccessBiomedical Science (Online Service)
942 ## - ADDED ENTRY ELEMENTS (KOHA)
Source of classification or shelving scheme
Koha item type Books
Edition 9
Holdings
Withdrawn status Lost status Source of classification or shelving scheme Damaged status Not for loan Permanent location Current location Date acquired Inventory number Full call number Barcode Date last seen Price effective from Koha item type Total Checkouts
          Ken Walker International University Ken Walker International University 11/05/2020 43 612 E-13 43 11/05/2020 11/05/2020 Books  
          Ken Walker International University Ken Walker International University 11/19/2020 1016 612 E-13 1016 11/19/2020 11/19/2020 Books  
          Ken Walker International University Ken Walker International University 11/19/2020 1017 612 E-13 1017 11/19/2020 11/19/2020 Books  

Powered by Koha